000 01017nam a2200241Ia 4500
999 _c40663
_d40663
001 7291
003 GE_BSU
005 20231120105322.0
008 181216s2013||||ge |||||||||||||| ||geo||
020 _a9789941407161
040 _cGE_BSU
041 _ageo
080 _a811.353.1 ც- 66
100 _aცინცაძე, მერი
_91857
245 _aქართულად ხსნილად უბნობდი! /
_cმერი ცინცაძე ; რედ. მაია ბარამიძე.
260 _a.
264 _aბათუმი :
_bგამ-ბა ჰოროსი XXI,
_c2013.
300 _a320 გვ. ;
_c 20 სმ.
520 _aრეზიუმე რუსულ ენაზე დამოწმებული ლიტერატურა გვ. : 318-319
653 _aქართულად ხსნილად უბნობდი!
700 _aბარამიძე, მაია
_eრედაქტორი
_93189
942 _cBK
_2udc